000 00804nam a2200229Ia 4500
003 GCL
008 140319s9999 xx 000 0 ara d
020 _a9259114977
040 _aGCL /
_cGCL
082 0 4 _aق
_b916.2
_bا خ
100 1 _aاحمد خالد علام
245 1 0 _aالخروج من الوادى و القاهرة /
_cاحمد خالد علام
700 1 _aعصمت عاشور احمد ابوالعلا
250 _aالاولى
260 _aالقاهرة :
_bنهضة مصر للطباعة والنشر والتوزيع ،
_c2004
300 _a346 ص ؛
_c24 سم
650 0 4 _aمصر - الجغرافيا الطبيعية
650 0 4 _aمصر - المناخ
650 0 4 _aمصر - جغرافيا
650 0 4 _aمصر - الجغرافيا البشرية
942 _2ddc
_cBK
999 _c6205
_d6205